Gita for everyday living / (Record no. 41184)

MARC details
000 -LEADER
fixed length control field 00587nam a22001817a 4500
005 - DATE AND TIME OF LATEST TRANSACTION
control field 20100811162647.0
010 ## - LCCN (DPL NO)
LC control number ENG-99627
020 ## - INTERNATIONAL STANDARD BOOK NUMBER
International Standard Book Number 9788178235202
Terms of availability 70.00
035 ## - SYSTEM CONTROL NUMBER
System control number EN-83159
037 ## - SOURCE OF ACQUISITION
Source of stock number/acquisition DBAD/PUB
082 ## - DEWEY DECIMAL CLASSIFICATION NUMBER
Classification number 181.45
245 ## - TITLE STATEMENT
Title Gita for everyday living /
260 ## - PUBLICATION, DISTRIBUTION, ETC. (IMPRINT)
Place of publication, distribution, etc Chennai
Name of publisher, distributor, etc Ramakrishna Math
Date of publication, distribution, etc 2009
270 ## - ADDRESS
Address Mylapore
City Chennai
Postal code 600004
300 ## - PHYSICAL DESCRIPTION
Extent vii, 360p.
Dimensions 17cm (pbk)
942 ## - ADDED ENTRY ELEMENTS (KOHA)
Source of classification or shelving scheme Dewey Decimal Classification
Item type English Books
Classification part 181.45
Call number suffix GIT
Holdings
Withdrawn status Lost status Not for loan Home library Current library Date acquired Source of acquisition Cost, normal purchase price Full call number Barcode Copy number Cost, replacement price Koha item type
    Not For Loan D.B.Act.Division D.B.Act.Division 11/08/2010 DBAD/PUB 70.00 181.45 GIT EN-83159 1 70.00 English Books

© Delhi Public Library
Hit Counter
free hit counter